Royal charter and bye-laws 1973 (amended 1975, 1977, 1978, 1980, 1981, 1985, 1986, 1988, 1990, 1993, 1995, 1998, 1999, 2000, 2002 and 2003) (Record no. 102964)
[ view plain ]
| 000 -LEADER | |
|---|---|
| fixed length control field | 01609cam a2200277 4500 |
| 008 - FIXED-LENGTH DATA ELEMENTS--GENERAL INFORMATION | |
| fixed length control field | 000000n2003 000 0 eng u |
| 020 ## - INTERNATIONAL STANDARD BOOK NUMBER | |
| International Standard Book Number | 1842191608 |
| 035 ## - SYSTEM CONTROL NUMBER | |
| System control number | (Sirsi) u122953 |
| 041 ## - LANGUAGE CODE | |
| Language code of text/sound track or separate title | eng |
| 050 ## - LIBRARY OF CONGRESS CALL NUMBER | |
| Classification number | 333.0062 |
| -- | 18 |
| 110 ## - MAIN ENTRY--CORPORATE NAME | |
| Corporate name or jurisdiction name as entry element | Royal Institution of Chartered Surveyors |
| Subordinate unit | Governance and Corporate Management |
| 9 (RLIN) | 4171 |
| 245 ## - TITLE STATEMENT | |
| Title | Royal charter and bye-laws 1973 (amended 1975, 1977, 1978, 1980, 1981, 1985, 1986, 1988, 1990, 1993, 1995, 1998, 1999, 2000, 2002 and 2003) |
| 250 ## - EDITION STATEMENT | |
| Edition statement | (Rev. ed.) |
| 260 ## - PUBLICATION, DISTRIBUTION, ETC. | |
| Place of publication, distribution, etc. | London |
| Name of publisher, distributor, etc. | RICS |
| Date of publication, distribution, etc. | 2003 |
| 300 ## - PHYSICAL DESCRIPTION | |
| Extent | 1v. (loose-leaf) |
| Dimensions | 31cm. |
| 505 ## - FORMATTED CONTENTS NOTE | |
| Formatted contents note | Supplemental Charter 1973 |
| 505 ## - FORMATTED CONTENTS NOTE | |
| Formatted contents note | Orders in Council |
| 505 ## - FORMATTED CONTENTS NOTE | |
| Formatted contents note | Bye-laws: section i - definitions; section ii - members and attached classes; section iii - designations; section iv - contributions to the funds; section v - conduct; section vi - the members of Governing Council, officers and staff; section vii - Strategy and Resources Board, Audit Committee, Junior Organisation Groups and other subordinate bodies; section viii - professional sections and associated matters; section ix - constituencies; section x - procedural matters; section xi - accounts and professional auditors; section xii - general. |
| 520 ## - SUMMARY, ETC. | |
| Summary, etc. | SUPERSEDED BY 2006 UPDATE ISBN 978184 2192922. Incorporates all amendments up to and including those allowed by the Privy Council on 17 July 2003. |
| 520 ## - SUMMARY, ETC. | |
| Summary, etc. | Supersedes 2002 edition (ISBN 184219089X). |
| 650 ## - SUBJECT ADDED ENTRY--TOPICAL TERM | |
| Topical term or geographic name entry element | RICS ROYAL CHARTER |
| 650 ## - SUBJECT ADDED ENTRY--TOPICAL TERM | |
| Topical term or geographic name entry element | RICS BYE-LAWS |
| 690 ## - LOCAL SUBJECT ADDED ENTRY--TOPICAL TERM (OCLC, RLIN) | |
| Topical term or geographic name as entry element | RICS NEWS |
| 710 ## - ADDED ENTRY--CORPORATE NAME | |
| Corporate name or jurisdiction name as entry element | Royal Institution of Chartered Surveyors |
| 9 (RLIN) | 4900 |
| 942 ## - ADDED ENTRY ELEMENTS (KOHA) | |
| Suppress in OPAC | 0 |
| Withdrawn status | Lost status | Source of classification or shelving scheme | Damaged status | Not for loan | Home library | Current library | Shelving location | Date acquired | Total Checkouts | Full call number | Barcode | Date last seen | Copy number | Price effective from | Koha item type | Date last checked out |
|---|---|---|---|---|---|---|---|---|---|---|---|---|---|---|---|---|
| Dewey Decimal Classification | London | London | RICS Boxes | 22/03/2004 | RICS 2003/44 | 30069047 | 06/08/2019 | 1 | 06/08/2019 | Archive | ||||||
| Dewey Decimal Classification | London | London | RICS Boxes | 22/03/2004 | RICS 2003/44 | 30069055 | 06/08/2019 | 2 | 06/08/2019 | Reference material | ||||||
| Dewey Decimal Classification | London | London | RICS Boxes | 22/03/2004 | 1 | RICS 2003/44 | 30069051 | 06/08/2019 | 3 | 06/08/2019 | Book | 15/07/2004 |